La configuración de los tria munera frente a la herejía antigua y medieval. Notas para una fundamentación teológico-canónica de la inquisición.
Guardat en:
| Autor principal: | |
|---|---|
| Altres autors: | |
| Format: | Llibre |
| Publicat: |
Cizur Menor, España:
Thomson Reuters; Aranzadi S.A.U.,
2020.
|
| Edició: | Primera edición. |
| Col·lecció: | Estudios.
|
| Matèries: | |
| Etiquetes: |
Afegir etiqueta
Sense etiquetes, Sigues el primer a etiquetar aquest registre!
|
MARC
| LEADER | 00000nam a22000007a 4500 | ||
|---|---|---|---|
| 003 | CL-VaPUC | ||
| 005 | 20240527111252.0 | ||
| 008 | 240520t2020 ||||| |||| 00| 0 eng d | ||
| 999 | |c 443748 |d 443746 | ||
| 020 | |a 978-84-1346-557-9 | ||
| 040 | |c Pontificia Universidad Católica de Valparaíso | ||
| 082 | 7 | |2 22 |a 272.2 BEL 2020 | |
| 100 | 1 | |a Belda Iniesta, Javier |e autor |9 889001 | |
| 245 | 1 | 3 | |a La configuración de los tria munera frente a la herejía antigua y medieval. |b Notas para una fundamentación teológico-canónica de la inquisición. |
| 250 | |a Primera edición. | ||
| 260 | |a Cizur Menor, España: |b Thomson Reuters; |b Aranzadi S.A.U., |c 2020. | ||
| 300 | |a 390 páginas. | ||
| 490 | |a Estudios. | ||
| 500 | |a c.1 Donación Prof. Carlos Salinas Araneda. Memo DER Nº026 / 15-5-2024 | ||
| 583 | |c 20240520 |k GC | ||
| 650 | 0 | |9 889023 |a Tribunal del Santo Oficio de la Inquisición |x Herejía |z España | |
| 650 | 0 | |a IV Concilio de Letrán |x Inquisición española |9 889025 | |
| 650 | 0 | |9 889024 |a Herejía (Derecho canónico) |x Cesaropapismo |x IV Concilio de Letrán (Cuarto Concilio Lateranense) |z España | |
| 700 | |a Pennington, Kenneth |e prólogo |9 889002 | ||
| 942 | |2 ddc |c BK | ||
| 952 | |0 0 |1 0 |2 ddc |4 0 |6 272_200000000000000_BEL_2020 |7 0 |8 DER_HDC |9 594826 |a BIBDER |b BIBDER |d 2024-05-20 |e Donación |i 5661422 |o 272.2 BEL 2020 |p 5661422 |r 2024-05-20 |t 1 |w 2024-05-20 |x Ubicación 4º Piso |y BK |z Estos recursos deben solicitarse con anticipación |k DER | ||